书目信息 |
| 题名: |
常用传感器应用电路的设计与实践
|
|
| 作者: | 何希才 编著 | |
| 分册: | ||
| 出版信息: | 北京 科学出版社 2007 |
|
| 页数: | 308页 | |
| 开本: | 24cm | |
| 丛书名: | ||
| 单 册: | ||
| 中图分类: | TP212.02 | |
| 科图分类: | ||
| 主题词: | 传感器--电路设计 , 传感器 , 电路设计 | |
| 电子资源: | ||
| ISBN: | 978-7-03-019588-3 | |
| 000 | 00893nam0 2200265 450 | |
| 001 | 003599172 | |
| 005 | 20080303093241.73 | |
| 010 | @a978-7-03-019588-3@dCNY33.00 | |
| 035 | @a003599172 | |
| 100 | @a20070608d2007 em y0chiy0110 ea | |
| 101 | 0 | @achi |
| 102 | @aCN@b110000 | |
| 105 | @aa z 000yy | |
| 106 | @ar | |
| 200 | 1 | @a常用传感器应用电路的设计与实践@Achang yong chuan gan qi ying yong dian lu de she ji yu shi jian@f何希才编著 |
| 210 | @a北京@c科学出版社@d2007 | |
| 215 | @a308页@c图@d24cm | |
| 330 | @a本书主要介绍了光敏传感器、温敏传感器、湿敏传感器、磁敏传感器、力敏传感器、气敏传感器、超声波传感器、光纤传感器与固态图像传感器的工作原理、应用电路的设计以及应用电路实例。 | |
| 606 | 0 | @a传感器@x电路设计 |
| 606 | 0 | @a传感器 |
| 606 | 0 | @a电路设计 |
| 690 | @aTP212.02@v4 | |
| 701 | 0 | @a何希才@Ahe xi cai@4编著 |
| 801 | 0 | @aCN@bNLC@c20080303 |
| 905 | @dTP212.02@e32@f4 | |
| 常用传感器应用电路的设计与实践/何希才编著.-北京:科学出版社,2007 |
| 308页:图;24cm |
| ISBN 978-7-03-019588-3:CNY33.00 |
| 本书主要介绍了光敏传感器、温敏传感器、湿敏传感器、磁敏传感器、力敏传感器、气敏传感器、超声波传感器、光纤传感器与固态图像传感器的工作原理、应用电路的设计以及应用电路实例。 |
| ● |
| 相关链接 |
|
|
|
|
正题名:常用传感器应用电路的设计与实践
索取号:TP212.02/32
 
预约/预借
| 序号 | 登录号 | 条形码 | 馆藏地/架位号 | 状态 | 备注 |
| 1 | 0792893 | 207928938 | 第二样本阅览室/ [索取号:TP212.02/32] | 在馆 | |
| 2 | 0792894 | 207928947 | 第三借阅区/ [索取号:TP212.02/32] | 在馆 | |
| 3 | 0792895 | 207928956 | 第三借阅区/ [索取号:TP212.02/32] | 在馆 | |
| 4 | 0792896 | 207928965 | 第三借阅区/ [索取号:TP212.02/32] | 在馆 | |
| 5 | 1051654 | 210516547 | 第三借阅区/ [索取号:TP212.02/32] | 在馆 | |
| 6 | 1051655 | 210516556 | 第三借阅区/ [索取号:TP212.02/32] | 在馆 | |
| 7 | 1051656 | 210516565 | 第三借阅区/ [索取号:TP212.02/32] | 在馆 |